Condiciones generales y especificaciones para construcción de edificios por licitación pública.
محفوظ في:
| مؤلفون آخرون: | , |
|---|---|
| التنسيق: | كتاب |
| اللغة: | Spanish |
| منشور في: |
[San José, Costa Rica] : Ministerio de Obras Públicas. Departamento de Arquitectura y construcciones
1959
|
| الموضوعات: | |
| الوسوم: |
إضافة وسم
لا توجد وسوم, كن أول من يضع وسما على هذه التسجيلة!
|
MARC
| LEADER | 00000nam a2200000Ia 4500 | ||
|---|---|---|---|
| 003 | 002079 | ||
| 005 | 20221231143947.0 | ||
| 008 | 140114s1959 cr a 000 ||spa d | ||
| 040 | |c cru CEDI | ||
| 082 | |a 692 C745c | ||
| 245 | |a Condiciones generales y especificaciones para construcción de edificios por licitación pública. | ||
| 260 | |a [San José, Costa Rica] : Ministerio de Obras Públicas. Departamento de Arquitectura y construcciones |c 1959 | ||
| 300 | |a paginación varia | ||
| 650 | |x INDUSTRIA DE LA CONSTRUCCION |x ADMINISTRACION |x CONTRATOS Y ESPECIFICACIONES |9 21226 | ||
| 700 | |9 17688 |a Gordienko Orlich, Eugenio |d Recopilador y revisor | ||
| 700 | |9 16971 |a Sittenfeld Rogers, Max |d Revisor | ||
| 942 | |2 ddc |c BK | ||
| 999 | |c 14845 |d 14845 | ||
